Manažment bezpečnosti práce a ochrany zdravia : návody na cvičenia /

Saved in:
Bibliographic Details
Main Author: Radvanská, Agáta
Other Authors: Hloch, Sergej 1975-
Format: Book
Language:Slovak
Published: Prešov : Fakulta výrobných technológií, 2004
Edition:1. vyd.
Subjects:
ISBN:8080731292
Online Access: Get full text
Tags: Add Tag
No Tags, Be the first to tag this record!

MARC

LEADER 00000aam a2200000 4500
003 SK-BrCVT
005 20220621161310.0
008 041203s2004 xo e ||||||slo d
020 |a 8080731292 
035 |a CVTIDW0974833 
040 |b slo  |a CVTI SR  |e AACR2 
041 0 |a slo 
044 |a xo 
080 |a 614.8  |2 UDC-MRF 
080 |a 331.45  |2 UDC-MRF 
080 |a 006  |2 UDC-MRF 
100 1 |a Radvanská, Agáta 
245 1 0 |a Manažment bezpečnosti práce a ochrany zdravia :  |b návody na cvičenia /  |c Agáta Radvanská, Sergej Hloch 
250 |a 1. vyd. 
260 |a Prešov :  |b Fakulta výrobných technológií,  |c 2004 
300 |a 78 s., príl. :  |b fotogr., lit., obr., tab. ; 
550 |a Technická univerzita v Košiciach 
653 1 |a hodnotenie rizika  |a ohrozenie  |a ochranné opatrenie  |a pracovný úraz 
700 1 |a Hloch, Sergej  |d 1975-, 
910 |b S592392  |b S601108 
919 |a 80-8073-129-2 
974 |f Knihy 
992 |a ASK 
992 |a ACV 
999 |c 140967  |d 140967